| 000 | 01316cam a2200313 a 4500 | ||
|---|---|---|---|
| 005 | 20260322212028.0 | ||
| 008 | data | ||
| 010 | _a 82014132 | ||
| 020 |
_a0870444379 : _c{dollar}19.95 |
||
| 020 |
_a0870444492 (deluxe) : _c{dollar}29.95 |
||
| 020 |
_a9780870444371 : _c{dollar}19.95 |
||
| 020 |
_a9780870444494 (deluxe) : _c{dollar}29.95 |
||
| 040 |
_aDLC _cDLC _dDLC |
||
| 043 | _aa-cc--- | ||
| 050 | 0 | 0 |
_aDS712 _b.J68 1982 |
| 082 | 0 | 0 |
_a915.1/0457 _219 |
| 092 | _a915.1 J68 1982 | ||
| 245 | 1 | 0 |
_aJourney into China. _cNational Geographic Society (U.S.). |
| 250 | _a1st ed. | ||
| 260 |
_aWashington, D.C. : _bNational Geographic Society, _cc1982. |
||
| 300 |
_a518 p. : _bcol. ill. ; _c29 cm. |
||
| 500 | _aFolded colored map inserted. | ||
| 500 | _aIncludes index. | ||
| 504 | _aBibliography: p. 514. | ||
| 505 | 0 | _aJourney from the past / Jonathan D. Spence -- Peking / Jay and Linda Mathews -- Great Wall / Griffin Smith, Jr. -- Yellow River Valley / Mike Edwards -- Silk Road / Donald R. Katz -- Grand Canal / Robert M. Poole -- Yangtze River / William Graves -- The deep interior / Shirley Sun -- Tibet / Roy Reed -- Northeast China / Thomas B. Allen -- South China coast / David D. Pearce. | |
| 651 | 0 |
_aChina _xDescription and travel. |
|
| 720 | 2 | _aNational Geographic Society (U.S.) | |
| 001 | data | ||
| 999 |
_c631 _d631 |
||